000 00254nam a2200121Ia 4500
100 _a#N/A
942 _cBK
245 _aTurban & Leidner - Information Technology forb Management
260 _b#N/A
082 _b22112
546 _aENGLISH
999 _c35095
_d35095